The saga of King Hrolf Kraki /

Bibliographic Details
Uniform Title:Hrólfs saga Kraka.
Other Authors: Byock, Jesse L.
Format: Book
Language:English
Published: London ; New York, N.Y. : Penguin Books, 1998.
Series:Penguin classics.
Subjects:

MARC

Tag First Indicator Second Indicator Subfields
LEADER 00000cam a2200000 a 4500
001 in00002051908
005 20151101181121.0
008 990106s1998 enkab b 000 1 eng d
010 |a  99191752  
020 |a 014043593X 
035 |a (OCoLC)ocm40578270 
040 |a OU  |c DLC  |d OSU  |d IQU  |d TXA  |d UtOrBLW 
041 1 |a eng  |h ice 
042 |a lccopycat 
049 |a TXAM 
050 0 0 |a PT7287.H88  |b E56 1998 
082 0 0 |a 839/.63  |2 21 
130 0 |a Hrólfs saga Kraka.  |l English. 
245 1 4 |a The saga of King Hrolf Kraki /  |c translated with an introduction by Jesse L. Byock. 
264 1 |a London ;  |a New York, N.Y. :  |b Penguin Books,  |c 1998. 
300 |a xxxvii, 98 pages :  |b illustrations, map ;  |c 20 cm. 
336 |a text  |b txt  |2 rdacontent 
337 |a unmediated  |b n  |2 rdamedia 
338 |a volume  |b nc  |2 rdacarrier 
490 1 |a Penguin classics 
504 |a Includes bibliographical references (pages 79-86). 
650 0 |a Sagas  |v Translations into English. 
700 1 |a Byock, Jesse L. 
830 0 |a Penguin classics. 
948 |a cataloged  |b h  |c 2005/7/18  |d c  |e mphillip  |f 6:58:53 pm 
994 |a C0  |b TXA 
999 |a MARS 
999 f f |s 38ea2d05-c5f9-3e18-a490-41fd56a7469c  |i 318e949e-db9a-3ec8-ad9e-70a77fd7425e  |t 0 
952 f f |p normal  |a Texas A&M University  |b College Station  |c Sterling C. Evans Library  |d Evans: Library Stacks  |t 0  |e PT7287.H88 E56 1998  |h Library of Congress classification  |i unmediated -- volume  |m A14833102210 
952 f f |p normal  |a Texas A&M University  |b College Station  |c Sterling C. Evans Library  |d Evans: Library Stacks  |t 0  |e PT7287.H88 E56 1998  |h Library of Congress classification  |i unmediated -- volume  |m A14833102202 
998 f f |a PT7287.H88 E56 1998  |t 0  |l Evans: Library Stacks 
998 f f |a PT7287.H88 E56 1998  |t 0  |l Evans: Library Stacks